| 000 | 00827nam a2200265Ia 4500 | ||
|---|---|---|---|
| 003 | OSt | ||
| 005 | 20221005042925.0 | ||
| 006 | a|||||r|||| 00| 0 | ||
| 007 | ta | ||
| 008 | 221004b |||||||| |||| 00| 0 eng d | ||
| 020 |
_a9780748641437 (pbk) _c2042.38 |
||
| 024 | _a23894 | ||
| 037 |
_b050, 04/12/2015, Better Book Service _cTextual |
||
| 040 |
_aCRL _cCRL _beng |
||
| 041 |
_2eng _aeng |
||
| 082 | _aP111:3, Q5 | ||
| 100 |
_aLos Bettelou _9591020 |
||
| 245 | 0 | _aHistorical syntax of english | |
| 260 |
_aEdinburgh _bEdinburgh University Press UK _c2015 |
||
| 300 |
_axix, 284p. _ccm. |
||
| 490 | _aEdinburgh textbooks on the english language - advanced | ||
| 650 | _aLINGUISTICS | ||
| 942 |
_hP111:3, Q5 _cTEXL _2cc |
||
| 999 |
_c951057 _d951057 |
||